| 000 | 00468nam a2200169Ia 4500 | ||
|---|---|---|---|
| 003 | GCL | ||
| 008 | 140319s9999 xx 000 0 eng d | ||
| 040 |
_aGCL / _cGCL |
||
| 082 | 0 | 4 |
_a330.122 _bM A |
| 100 | 1 | _aMOLLIER, JEAN YVES | |
| 245 | 1 | 0 |
_aL'ARGENT ET LES HETTRES: HISTORIE DU CAPITALISME D'EDITION 1880 - 1920 / _cMOLLIER, JEAN YVES |
| 260 |
_a[S.N] : _bFAYARD ، _c1988 |
||
| 300 | _a549 P | ||
| 650 | 0 | 4 | _aECONOMICS |
| 650 | 0 | 4 | _aCAPITALISM |
| 942 |
_2ddc _cBK |
||
| 999 |
_c21903 _d21903 |
||